000 00612nam a22001217a 4500
040 _cRUA
082 _aVEM CHH 2025 B705 Or.1
100 _aCHHAY CHANSETH, ឆាយ ច័ន្ទសិទ្ធ
245 _aCase Of Esherichia Coli On Canine With Parvovirus At Veterinary Clinic in Krong Takhmau, Kandal Province, ករណី Esherichia Coli លើសុនខកើត Parvovirus នៅគ្លីនិកសត្វ ក្នុងក្រុងតាខ្មៅ ខេត្តកណ្ដាល
260 _aPHNOM PENH
_bRUA
_c2025
300 _ax,49p.
_bill.
_c29cm.
942 _cសារណាបទ
999 _c25584
_d25584